Caricamento...

Rhine /

Dettagli Bibliografici
Autore principale: Whittam, Geoffrey
Natura: Printed Book
Lingua:English
Pubblicazione: Oxford University Press, 1962.
LEADER 00370nam a2200121Ia 4500
008 150624b xxu||||| |||| 00| 0 eng d
100 |a Whittam, Geoffrey 
245 |a Rhine /  |c Geoffrey Whittam 
260 |b Oxford University Press,  |c 1962. 
300 |a 32 p. 
942 |c BK 
999 |c 17816  |d 17816 
952 |0 1  |1 0  |4 0  |7 0  |9 17815  |a UL  |b UL  |c ST1  |d 1998-09-01  |l 0  |p 27174  |r 2012-10-27  |w 2012-10-27  |y BK